Mostra di pittori genovesi del Seicento e del Settecento (Record n. 91519)

Dettagli MARC
000 -LEADER
fixed length control field 01584nam a2200289Ia 4500
001 - CONTROL NUMBER
control field H9951
003 - CONTROL NUMBER IDENTIFIER
control field IT-RoPAU
008 - FIXED-LENGTH DATA ELEMENTS--GENERAL INFORMATION
fixed length control field 130308s9999 xx 000 0 und d
040 ## - CATALOGING SOURCE
Original cataloging agency IT-RoPAU
040 ## - CATALOGING SOURCE
Transcribing agency IT-RoPAU
041 ## - LANGUAGE CODE
Language code of text/sound track or separate title ITALIANO
100 ## - MAIN ENTRY--PERSONAL NAME
Personal name AA.VV.
100 ## - MAIN ENTRY--PERSONAL NAME
Miscellaneous information Codice Aut. SPICS: 12000
245 ## - TITLE STATEMENT
Title Mostra di pittori genovesi del Seicento e del Settecento
245 ## - TITLE STATEMENT
Remainder of title Mostra di pittori genovesi del Seicento e del Settecento
250 ## - EDITION STATEMENT
Edition statement 2a ed.
260 ## - PUBLICATION, DISTRIBUTION, ETC. (IMPRINT)
Place of publication, distribution, etc. MILANO
260 ## - PUBLICATION, DISTRIBUTION, ETC. (IMPRINT)
Name of publisher, distributor, etc. Edizioni Luigi Alfieri
260 ## - PUBLICATION, DISTRIBUTION, ETC. (IMPRINT)
Date of publication, distribution, etc. 1938 [1° Ed.:1938 - Ed.Ling.Originale:1938]
300 ## - PHYSICAL DESCRIPTION
Extent "190 p. (prefazione: no ; testo: 190 [pagine: 0-0])"
500 ## - GENERAL NOTE
General note "Mostra Tenutasi a palazzo Reale di Genova Giugno Agosto 1938. 112 Illustrazioni di Autori vari tra I Quali: Ansaldo Gio Andrea; Assereto Gioachino; Biscaino Bartolomeo; Cambiaso Luca; Carbone Gio. Bernardo; castello Battistadetto Genovese; castello Bernardo; castello Valerio; Castiglione Gio. Benedetto Detto Grechetto; De Ferrari Gio. Andrea; De Ferrari Gregorio; De Ferrari Orazio; delle Piane Gio. Maria Detto Mulinaretto; De Wael Cornelio; Fiasella Domenico Detto Sarzana; Gaulli Gio. Batta Detto Baciccio; Guidobono Bartolomeo; Langetti Gio. Batta; Magnasco Alessandro; Piola Domenico; Scorzasinibaldo; Semino Andrea; Strozzi Bernardo Detto Cappuccino; Tavella Carloantonio; Travi Antonio Detto Sestri; Vassallo Anton Maria; Bartolotto Gio.Lorenzo; Scuola Genovese."
650 ## - SUBJECT ADDED ENTRY--TOPICAL TERM
Topical term or geographic name as entry element STORIA NAZIONALE DELLA PITTURA
650 ## - SUBJECT ADDED ENTRY--TOPICAL TERM
Relator term Codice materia Spics: 5209
942 ## - ADDED ENTRY ELEMENTS (KOHA)
Koha item type LIBRO
957 ## -
-- 1
999 ## - SYSTEM CONTROL NUMBERS (KOHA)
-- 1
Dati di copia
Withdrawn status Lost status Damaged status Not for loan Home library Current library Date acquired Total Checkouts Full call number Date last seen Price effective from Koha item type Public note
    Buone Condizioni Not For Loan SPICS-MEDIATECA SPICS-MEDIATECA 08/03/2013   H9951 08/03/2013 08/03/2013 LIBRO Progressivo inserimento: 24749 / N. Volumi: 1 Copie: 1 / data import: 1 marzo 2013 - By Epidotti, Trombetti, Vaglietti.
CREDITS: SOCIETA' SAN PAOLO Via A.Severo, 58 - ROMA (RM) & PERIODICI SAN PAOLO SRL Via Giotto, 36 MILANO & CISF Via Giotto, 36 MILANO & EDIZIONI SAN PAOLO SRL,  Piazza Soncino, 5 CINISELLO BALSAMO (MI) -- ITALY